| 000 | 00453nam a22001577a 4500 | ||
|---|---|---|---|
| 008 | 230328b |||||||| |||| 00| 0 eng d | ||
| 040 |
_aNational Science Library _cNational Science Library |
||
| 080 |
_aD 77.02 _bJ5 |
||
| 100 |
_aWakefield, George L _95654 |
||
| 245 | _aCamera movements | ||
| 260 |
_aLondon: _bFountain Press, _c1995 |
||
| 300 | _a76p. | ||
| 650 | _aCamera history | ||
| 653 | _aTheoretical considerations | ||
| 942 |
_2udc _cBK |
||
| 999 |
_c16172 _d16172 |
||